|
|
|
|
| LEADER |
00000nam0a2200000 4500 |
| 001 |
324332 |
| 005 |
20231102003646.0 |
| 010 |
|
|
|a 9785811422845
|
| 035 |
|
|
|a (RuTPU)RU\TPU\book\349930
|
| 090 |
|
|
|a 324332
|
| 100 |
|
|
|a 20161114d2019 m y0rusy50 ca
|
| 101 |
0 |
|
|a rus
|
| 102 |
|
|
|a RU
|
| 105 |
|
|
|a a j 001zy
|
| 200 |
1 |
|
|a Компьютерная графика в САПР
|e учебное пособие
|f А. В. Приемышев [и др.]
|
| 210 |
|
|
|a Санкт-Петербург
|c Лань
|d 2019
|
| 215 |
|
|
|a 193 с.
|c ил.
|
| 225 |
1 |
|
|a Учебники для вузов. Специальная литература
|
| 320 |
|
|
|a Литература: с. 161-162
|
| 320 |
|
|
|a Аббревиатуры: с. 164-170
|
| 320 |
|
|
|a Перечень ГОСТов: с. 173-184
|
| 330 |
|
|
|a Основное внимание в пособии уделено описанию методов компьютерной графики и геометрического моделирования как основе современных систем САПР в машиностроении. Описывается создание, обработка и воспроизведение изображений с использованием средств вычислительной техники, дается введение в САПР и знакомство с теоретическими основами компьютерной графики. Пособие предназначено для обучения бакалавров всех технических специальностей и соответствует по содержанию образовательным программам ФГОС третьего поколения по инженерной и компьютерной графике, а также представляет интерес для аспирантов и ИТР, связанных в своей практической деятельности с применением компьютерной графики и методов геометрического моделирования в САПР.
|
| 606 |
1 |
|
|a Компьютерная графика
|2 stltpush
|3 (RuTPU)RU\TPU\subj\15166
|9 41434
|
| 610 |
1 |
|
|a САПР
|
| 610 |
1 |
|
|a система автоматизированного проектирования
|
| 610 |
1 |
|
|a реалистичные изображения
|
| 610 |
1 |
|
|a геометрическое моделирование
|
| 610 |
1 |
|
|a параметрическое конструирование
|
| 610 |
1 |
|
|a двумерные преобразования
|
| 610 |
1 |
|
|a трехмерные преобразования
|
| 610 |
1 |
|
|a матричное представление
|
| 610 |
1 |
|
|a двумерное моделирование
|
| 610 |
1 |
|
|a трехмерное моделирование
|
| 610 |
1 |
|
|a поверхности
|
| 610 |
1 |
|
|a описание
|
| 610 |
1 |
|
|a учебные пособия
|
| 675 |
|
|
|a 004.92(075.8)
|v 4
|
| 701 |
|
1 |
|a Приемышев
|b А. В.
|g Александр Владимирович
|
| 701 |
|
1 |
|a Крутов
|b В. Н.
|g Владимир Николаевич
|
| 701 |
|
1 |
|a Треяль
|b В. А.
|g Вячеслав Августович
|
| 701 |
|
1 |
|a Коршакова
|b О. А.
|g Ольга Андреевна
|
| 801 |
|
1 |
|a RU
|b 63413507
|c 20161114
|
| 801 |
|
2 |
|a RU
|b 63413507
|c 20190708
|g RCR
|
| 942 |
|
|
|c BK
|
| 959 |
|
|
|a 5/20170214
|d 3
|e 785,00
|f ЧЗТЛ:1
|f УФ:2
|